000 00689nam a2200229Ia 4500
003 OSt
005 20220926034032.0
006 a|||||r|||| 00| 0
007 ta
008 220923b |||||||| |||| 00| 0 eng d
037 _cGeneral Book
040 _aRTL
_cRTL
_beng
041 _2eng
_aeng
082 _aX9(J3):1.N7, L5
100 _aAbelson Philip H Ed.
_9339933
245 0 _aFood
_b Politics economics nutrition and research
260 _aWashington
_bAmerican Association for the Advancement of Science
_c1975
300 _a202p
_ccm.
650 _aFood Industry
942 _hX9(J3):1.N7, L5
_cGB
_2CC
999 _c658554
_d658554